Responses for Show #7856 - Monday, November 5, 2018

Contestants

[<< previous game]

Gerald Dudley, a pub quiz host and writer from Jamaica Plain, Massachusetts

Mary Ann Borer, a marketing coordinator from Pomona, California

Jonathan Greenan, a human rights legal officer from Charlottetown, Prince Edward Island, Canada (whose 1-day cash winnings total $27,201)

[next game >>]

Jeopardy! Round responses

RECENT HEADLINES IN THE ONION
SISTER CITIES
RHYMES WITH MUG
POKER FACE
BAD ROMANCE
LADY GAGA
    $200 16
Bill and Melinda Gates

Jonathan
    $200 30
Portland

Jonathan
    $200 25
a plug

Mary Ann
    $200 29
(Mary Ann: What is a flush?)

a full house

JonathanMary Ann
    $200 14
The Taming of the Shrew

Mary Ann
    $200 9
the Super Bowl (halftime show)

Gerald
    $400 17
Sarah Huckabee Sanders

Jonathan
    $400 1
Australia

Jonathan
    $400 21
a pug

Jonathan
    $400 5
a tell

Mary Ann
    $400 15
Who's Afraid of Virginia Woolf?

Gerald
    $400 10
Queen

Mary Ann
    $600 18
the Cleveland Browns

Gerald
    $600 2
Limerick

Jonathan
    $600 22
a drug

Jonathan
    $600 6
the World Series of Poker

Jonathan
    $3,000 26
(Alex: [Before Mary Ann makes her wager] We have less than a minute to go now.)

Gone Girl

Mary Ann
    $600 11
A Star is Born

Mary Ann
    $800 19
Fitbit

Jonathan
    $800 3
Athens

Mary Ann
    $800 23
a rug

Gerald
    $800 7
the river

Jonathan
    $800 27
Middlemarch

Mary Ann
    $800 12
"Born This Way"

Gerald
    $1000 20
the River Styx

Jonathan
    $1000 4
Haiti

Jonathan
    $1000 24
(Jonathan: What is a plug?)

a slug

JonathanMary Ann
    $1000 8
the big blind

Jonathan
    $1000 28
The Sun Also Rises

Mary Ann
    $1000 13
"Alejandro"

Gerald

Scores at the first commercial break (after clue 15):

Jonathan Mary Ann Gerald
$4,400 $2,400 $2,400

Scores at the end of the Jeopardy! Round:

Jonathan Mary Ann Gerald
$7,200 $8,200 $3,800

Double Jeopardy! Round responses

NATIONAL GEOGRAPHIC'S MARS
(Alex: Season 2 premieres this coming Monday.)
POP CULTURE
CAVES
WORD ORIGINS
BRITISH HISTORY
DRUM SCHTICK
    $400 3
a dust storm

Mary Ann
    $400 4
the Dallas Cowboys

Jonathan
    $400 19
Mammoth Cave

Triple Stumper
    $400 9
bronco

Jonathan
    $400 14
the Magna Carta

Jonathan
    $400 1
a computer

Gerald
    $800 24
Daedalus

Mary Ann
    $800 5
Twinkies

Jonathan
    $800 20
limestone

Gerald
    $800 10
a cell

Jonathan
    $800 15
Canterbury

Jonathan
    $800 2
a column

Triple Stumper
    $1200 25
(Gerald: Who is Goddard?)
...
(Alex: Less than a minute now.)

von Braun

Mary AnnGerald
    $1200 6
(Alex: And that movie opens this week.)

Claire Foy

Jonathan
    $1200 21
a salamander

Mary Ann
    $1200 11
guru

Mary Ann
    $1200 16
Margaret Thatcher

Jonathan
    $1200 28
(Jonathan: What is football?)
(Gerald: What is cricket?)

baseball

JonathanGerald
Triple Stumper
    $1600 26
penicillin

Mary Ann
    $1600 7
Mortal Kombat

Gerald
    $1,000 22
a troglodyte

Mary Ann
    $1600 12
plastic

Mary Ann
    $1600 17
the Domesday Book

Gerald
    $1600 29
(Jonathan: What is fife?)
...
[The end-of-round signal sounds.]

bass

JonathanGerald
    $2000 27
(Alex: Remember, this series premieres next Monday.)

a solar flare

Jonathan
    $2000 8
[Grande and Davidson announced their breakup before the episode aired.]
[ERRATUM: The clue uses the feminine form of the word "fiancé".]

"Pete Davidson"

Jonathan
    $2000 23
Lascaux Cave

Triple Stumper
    $2000 13
a larder

Mary Ann
    $7,400 18
(Gerald: Who is Charlemagne?)

Alfred the Great

Gerald

Scores at the end of the Double Jeopardy! Round:

Jonathan Mary Ann Gerald
$14,400 $19,200 $0

[wagering suggestions for these scores]

Final Jeopardy! Round responses

CHARACTERS IN CHILDREN'S LIT
JonathanWho is Harry Potter?
$5,000
Mary AnnWho is Paddington?
$19,000
Paddington Bear

Final scores:

Jonathan Mary Ann Gerald
$9,400 $38,200 $0
2nd place: $2,000 New champion: $38,200 3rd place: $1,000

Game dynamics:

Coryat scores:

Jonathan Mary Ann Gerald
$14,400 $17,400 $7,400
24 R,
3 W
19 R
(including 2 DDs),
1 W
11 R,
3 W
(including 1 DD)

Combined Coryat: $39,200

[game clues] [game scores] [suggest correction]

Game tape date: 2018-10-09
The J! Archive is created by fans, for fans. Scraping, republication, monetization, and malicious use prohibited; this site may use cookies and collect identifying information. See terms. The Jeopardy! game show and all elements thereof, including but not limited to copyright and trademark thereto, are the property of Jeopardy Productions, Inc. and are protected under law. This website is not affiliated with, sponsored by, or operated by Jeopardy Productions, Inc. Join the discussion at JBoard.tv.